000 00533nam a2200145 i 4500
001 118101
003 ES-MaACL
005 20230906191029.0
007 t|
008 160301s1885 po r ||||1| por d
245 0 0 _aCatálogo da livraria que foi do falecido Dr. João Vieira Pinto e que tem de ser vendida em leilão no dia 1 de Agosto de 1885 e seguintes, ás 5 horas da tarde na Rua de Trás da Sé no 37 Porto.
260 _aPorto :
_bTypographia Occidental,
_c1885.
300 _a363 p. ;
_c26 cm.
852 _aES-MaACL
_jG-8855
999 _c118101
_d118101